书目信息 |
| 题名: |
完美英文简历一本通
|
|
| 作者: | 王珠英 主编 | |
| 分册: | ||
| 出版信息: | 西安 西安交通大学出版社 2008.05 |
|
| 页数: | 195页 | |
| 开本: | 23cm | |
| 丛书名: | 外语求职一本通系列 | |
| 单 册: | ||
| 中图分类: | H315 | |
| 科图分类: | ||
| 主题词: | 英语--ying yu--应用文--写作 | |
| 电子资源: | ||
| ISBN: | 978-7-5605-2797-0 | |
| 000 | 01029nam 2200265 450 | |
| 001 | 012009488062 | |
| 005 | 20090530082903.12 | |
| 010 | @a978-7-5605-2797-0@dCNY23.00 | |
| 100 | @a20090530d2008 em y0chiy0120 ea | |
| 101 | 0 | @achi@aeng |
| 102 | @aCN@b610000 | |
| 105 | @ay a 000yy | |
| 106 | @ar | |
| 200 | 1 | @a完美英文简历一本通@Awan mei ying wen jian li yi ben tong@e英汉对照@f王珠英主编@Fwang zhu ying zhu bian |
| 210 | @a西安@c西安交通大学出版社@d2008.05 | |
| 215 | @a195页@d23cm | |
| 225 | 2 | @a外语求职一本通系列@Awai yu qiu zhi yi ben tong xi lie |
| 320 | @a有书目 (第195页) | |
| 330 | @a本书的内容覆盖英文简历的各个方面,详细介绍求职市场最为广泛接受的简历格式,简历每一部分的写法,有效简历的制作,简历细节的改进等等;同时也详细介绍了旨在引起招聘方注意、吸引招聘方阅读简历的英文求职信的写法。 | |
| 410 | 0 | @12001 @a外语求职一本通系列 |
| 606 | 0 | @a英语@Aying yu@x应用文@x写作 |
| 690 | @aH315@v4 | |
| 701 | 0 | @a王珠英@Awang zhu ying@4主编 |
| 801 | 0 | @aCN@bQSSK@c20090530 |
| 905 | @b743204-06@dH315@eW488@f3 | |
| 完美英文简历一本通:英汉对照/王珠英主编.-西安:西安交通大学出版社,2008.05 |
| 195页;23cm.-(外语求职一本通系列) |
| ISBN 978-7-5605-2797-0:CNY23.00 |
| 本书的内容覆盖英文简历的各个方面,详细介绍求职市场最为广泛接受的简历格式,简历每一部分的写法,有效简历的制作,简历细节的改进等等;同时也详细介绍了旨在引起招聘方注意、吸引招聘方阅读简历的英文求职信的写法。 |
| ● |
| 相关链接 |
|
|
|
正题名:完美英文简历一本通
索取号:H315/W488
 
预约/预借
| 序号 | 登录号 | 条形码 | 馆藏地/架位号 | 状态 | 备注 |
| 1 | 743204 | 207432045 | 语言库209/209语言库 38排2列1层/ [索取号:H315/W488] | 在馆 | |
| 2 | 743205 | 207432054 | 语言库209/209语言库 38排2列1层/ [索取号:H315/W488] | 在馆 | |
| 3 | 743206 | 207432063 | 语言库209/209语言库 38排2列1层/ [索取号:H315/W488] | 在馆 |